Childhood / (Record no. 2973)
[ view plain ]
| 000 -LEADER | |
|---|---|
| fixed length control field | 01124nac a22003131i 4500 |
| 003 - CONTROL NUMBER IDENTIFIER | |
| control field | EG-ScBUE |
| 005 - DATE AND TIME OF LATEST TRANSACTION | |
| control field | 20240605103240.0 |
| 008 - FIXED-LENGTH DATA ELEMENTS--GENERAL INFORMATION | |
| fixed length control field | 240605s1950 ru c f 000 0aeng d |
| 040 ## - CATALOGING SOURCE | |
| Original cataloging agency | EG-ScBUE |
| Language of cataloging | eng |
| Description conventions | rda |
| Transcribing agency | EG-ScBUE |
| Modifying agency | EG-ScBUE |
| 041 1# - LANGUAGE CODE | |
| Language code of text/sound track or separate title | eng |
| Language code of original and/or intermediate translations of text | slo |
| 082 04 - DEWEY DECIMAL CLASSIFICATION NUMBER | |
| Classification number | 928.917 |
| Item number | GOR |
| Edition number | 22 |
| 100 1# - MAIN ENTRY--PERSONAL NAME | |
| Personal name | Gorky, Maksim, |
| Dates associated with a name | 1868-1936, |
| Relator term | author. |
| 240 10 - UNIFORM TITLE | |
| Uniform title | <a href="Detstvo.">Detstvo.</a> |
| Language of a work | English |
| 245 10 - TITLE STATEMENT | |
| Title | Childhood / |
| Remainder of title | M. Gorky ; translated from the Russian by Margaret Wettlin. |
| 250 ## - EDITION STATEMENT | |
| Edition statement | Fourth impression. |
| 264 #1 - PUBLICATION, DISTRIBUTION, ETC. (IMPRINT) | |
| Place of publication, distribution, etc | Moscow : |
| Name of publisher, distributor, etc | Froeign Languages Publishing House, |
| Date of publication, distribution, etc | 1950. |
| 300 ## - PHYSICAL DESCRIPTION | |
| Extent | 422 pages : |
| Other physical details | portraits ; |
| Dimensions | 17 cm. |
| 336 ## - CONTENT TYPE | |
| Source | rdacontent |
| Content type term | text |
| Content type code | txt |
| 337 ## - MEDIA TYPE | |
| Media type term | unmediated |
| Source | rdamedia |
| Media type code | n |
| 338 ## - CARRIER TYPE | |
| Carrier type term | volume |
| Carrier type code | nc |
| Source | rdacarrier |
| 490 0# - SERIES STATEMENT | |
| Series statement | Library of selected Soviet literature |
| 546 ## - LANGUAGE NOTE | |
| Language note | Text in English ; translated from the original Slovak.<br/> |
| 600 17 - SUBJECT ADDED ENTRY--PERSONAL NAME | |
| Personal name | Gorky, Maksim, |
| Dates associated with a name | 1868-1936 |
| General subdivision | Childhood and youth. |
| Source of heading or term | BUEsh |
| 651 #7 - SUBJECT ADDED ENTRY--GEOGRAPHIC NAME | |
| Geographic name | Russia |
| General subdivision | Social life and customs. |
| Source of heading or term | BUEsh |
| 655 ## - INDEX TERM--GENRE/FORM | |
| Form subdivision | Reading book |
| 700 1# - ADDED ENTRY--PERSONAL NAME | |
| Personal name | Wettlin, Margaret, |
| Relator term | translator. |
| 942 ## - ADDED ENTRY ELEMENTS (KOHA) | |
| Koha item type | Book - Borrowing |
| Source of classification or shelving scheme | Dewey Decimal Classification |
| Withdrawn status | Lost status | Source of classification or shelving scheme | Damaged status | Not for loan | Collection code | Home library | Current library | Shelving location | Date acquired | Source of acquisition | Total Checkouts | Total Renewals | Full call number | Barcode | Date last seen | Date checked out | Price effective from | Koha item type |
|---|---|---|---|---|---|---|---|---|---|---|---|---|---|---|---|---|---|---|
| Dewey Decimal Classification | Alahram | Central Library | Central Library | Second Floor | 07/03/2014 | Purchase | 2 | 2 | 928.917 GOR | 000001236 | 15/07/2025 | 03/11/2021 | 14/03/2007 | Book - Borrowing |